Felinos / (Registro nro. 31811)
[ vista simple ]
| 000 -CABECERA | |
|---|---|
| campo fijo de control de longitud | 00735nab a2200205 4500 |
| 001 - NÚMERO DE CONTROL | |
| campo de control | 31811 |
| 003 - IDENTIFICADOR DEL NÚMERO DE CONTROL | |
| campo de control | AR-RoBPED |
| 005 - FECHA Y HORADE LA ULTIMA TRANSACCION | |
| campo de control | 20251211175007.0 |
| 008 - ELEMENTOS DE LONGITUD FIJA--INFORMACION GENERAL | |
| campo fijo de control de longitud | 250806d18981968ag |||p| ||||s00| 0 spa d |
| 040 ## - FUENTE CATALOGADORA | |
| Centro catalogador/agencia de origen | AR-RoBPED |
| 041 ## - IDIOMA | |
| Código de idioma para texto/pista de sonido o título independiente | spa |
| 100 1# - ENCABEZAMIENTO PRINCIPAL--AUTOR PERSONAL | |
| Nombre de persona | Solari, C. |
| 9 (RLIN) | 30067 |
| 245 10 - TITULO | |
| Título | Felinos / |
| Mención de responsabilidad | C. Solari. |
| 300 ## - DESCRIPCION FISICA | |
| Extensión | pág. 348-349 |
| 362 ## - FECHAS DE PUBLICACION Y/O DESIGNACION SECUENCIAL | |
| Fecha de publicación y/o designación secuencial | Año XIII, No. 157 (jun. 1901) |
| 500 ## - NOTA GENERAL | |
| Nota general | Artículo en: Boletín de Educación. Santa Fe : Consejo General de Educación, 1886-198?. Año 13, N° 157 (jun. 1901), páginas 348-349. |
| 773 0# - DOCUMENTO FUENTE | |
| Host Biblionumber | 22998 |
| Host Itemnumber | 30340 |
| Encabezamiento principal | Santa Fe. |
| Place, publisher, and date of publication | Santa Fe : Consejo General de Educación, [1886-198-?]. |
| Título | Boletín de Educación : |
| Record control number | (AR-RoBPED)22998 |
| 942 ## - ELEMENTOS KOHA | |
| Fuente de clasificación | Universal Decimal Classification |
| Número Koha | K. 31811 |
| Koha tipo de ítem | Revistas |
| 945 ## - PROCESAMIENTO DE LA INFORMACIÓN LOCAL | |
| Catalogador y fecha | nn 06/08/2025 |
No hay ítems disponibles.